[Event "Padua Province-ch"]
[Site "Monselice"]
[Date "2005.01.09"]
[Round "3"]
[White "Tresin, Ardilio"]
[Black "Canazza, Alessandro"]
[Result "0-1"]
[WhiteElo "1343"]
[BlackElo "1778"]
[PlyCount "86"]
[EventDate "2005.01.08"]
[EventType "swiss"]
[EventRounds "6"]
[EventCountry "ITA"]
[SourceTitle "EXT 2024"]
[Source "ChessBase"]
[SourceDate "2023.10.10"]
[SourceVersion "1"]
[SourceVersionDate "2023.10.10"]
[SourceQuality "1"]

1. d4 g6 2. c4 Bg7 3. Nc3 d6 4. Nf3 Nd7 5. e3 Ngf6 6. Be2 0-0 7. 0-0 e5 8. Rb1 Re8 9. dxe5 dxe5 10. Qc2 c6 11. b4 Qc7 12. e4 Nh5 13. Be3 Nf4 14. Rfd1 Nf6 15. g3 Nxe2+ 16. Nxe2 Bg4 17. Kg2 Qc8 18. Neg1 b6 19. a3 Qb7 20. c5 b5 21. Bg5 Nd7 22. h3 Be6 23. Be3 h6 24. Qc1 Kh7 25. Rd6 a5 26. Ra1 axb4 27. axb4 Ra4 28. Bd2 Rea8 29. Rxa4 bxa4 30. Rd3 Nf6 31. Nxe5 Nxe4 32. Rd7 Bxd7 33. Nxf7 Nxd2 34. Qxd2 Bxh3+ 35. Nxh3 Qxf7 36. Qd6 Qf6 37. Qd7 Rb8 38. Qd2 Qd4 39. Qa2 Rxb4 40. Nf4 Qc4 41. Qd2 Qxc5 42. Qd7 Rxf4 43. gxf4 Qd5+ 0-1

[Event "Veneto-ch Quarti di Finale 64th"]
[Site "Arqua Petrarca"]
[Date "2004.05.16"]
[Round "6.30"]
[White "Tresin, Ardilio"]
[Black "Biagioli, Marco Fabrizio"]
[Result "1-0"]
[WhiteElo "1337"]
[BlackElo "1440"]
[PlyCount "53"]
[EventDate "2004.05.08"]
[EventType "swiss"]
[EventRounds "6"]
[EventCountry "ITA"]
[SourceTitle "EXT 2023"]
[Source "ChessBase"]
[SourceDate "2022.10.05"]
[SourceVersion "1"]
[SourceVersionDate "2022.10.05"]
[SourceQuality "1"]

1. d4 d5 2. c4 e6 3. Nc3 Nf6 4. Bg5 Nbd7 5. Nf3 c6 6. cxd5 exd5 7. a3 Be7 8. e3 0-0 9. Bd3 h6 10. Bxf6 Nxf6 11. h3 Re8 12. 0-0 Bd6 13. Rc1 Bc7 14. Qc2 Qd6 15. Nb5 cxb5 16. Qxc7 Qxc7 17. Rxc7 a6 18. Ne5 Rf8 19. Rfc1 Ne8 20. Rxc8 Rxc8 21. Rxc8 Nf6 22. Rxf8+ Kxf8 23. Bf5 Ne8 24. Nd7+ Ke7 25. Nc5 Nd6 26. Bg4 Kd8 27. b3 1-0

[Event "Veneto-ch Quarti di Finale 64th"]
[Site "Arqua Petrarca"]
[Date "2004.05.09"]
[Round "3.32"]
[White "Bettella, Michele"]
[Black "Tresin, Ardilio"]
[Result "1-0"]
[WhiteElo "1682"]
[BlackElo "1337"]
[PlyCount "109"]
[EventDate "2004.05.08"]
[EventType "swiss"]
[EventRounds "6"]
[EventCountry "ITA"]
[SourceTitle "EXT 2023"]
[Source "ChessBase"]
[SourceDate "2022.10.05"]
[SourceVersion "1"]
[SourceVersionDate "2022.10.05"]
[SourceQuality "1"]

1. e4 c5 2. Nf3 e6 3. d3 d6 4. g3 Nf6 5. Bg2 Be7 6. 0-0 0-0 7. Nbd2 Nc6 8. Ne1 Rb8 9. f4 Bd7 10. Ndf3 h6 11. c3 b5 12. Nc2 a5 13. Re1 Qc7 14. d4 cxd4 15. Ncxd4 Nxd4 16. Nxd4 b4 17. Bd2 Rfe8 18. Rc1 Qd8 19. cxb4 axb4 20. Nc6 Bxc6 21. Rxc6 Rb6 22. Qc2 Qb8 23. Rc1 Rxc6 24. Qxc6 Qa7+ 25. Kh1 Qd4 26. Qc2 Ng4 27. h3 Nf6 28. Kh2 e5 29. f5 Qf2 30. Rf1 Qc5 31. Rc1 Qb6 32. Qc4 Qc5 33. Qxb4 Qxb4 34. Bxb4 Rb8 35. a3 Kf8 36. Rd1 Rb6 37. Rd2 Ke8 38. Ba5 Rc6 39. b4 Rc4 40. Re2 Kd7 41. g4 Bd8 42. Bxd8 Kxd8 43. Re3 Rc2 44. Kg3 Rc4 45. h4 Nh7 46. Rd3 Ke7 47. Rb3 f6 48. a4 Nf8 49. a5 Nd7 50. Bf3 Nb8 51. b5 Rc1 52. Ra3 Rg1+ 53. Bg2 Rb1 54. a6 Rxb5 55. a7 1-0

[Event "Veneto-ch Quarti di Finale 64th"]
[Site "Arqua Petrarca"]
[Date "2004.05.09"]
[Round "2.32"]
[White "Tresin, Ardilio"]
[Black "Tescaro, Stefano"]
[Result "0-1"]
[WhiteElo "1337"]
[BlackElo "1700"]
[PlyCount "44"]
[EventDate "2004.05.08"]
[EventType "swiss"]
[EventRounds "6"]
[EventCountry "ITA"]
[SourceTitle "EXT 2023"]
[Source "ChessBase"]
[SourceDate "2022.10.05"]
[SourceVersion "1"]
[SourceVersionDate "2022.10.05"]
[SourceQuality "1"]

1. d4 g6 2. Nf3 Bg7 3. e3 d6 4. Be2 Nf6 5. Nbd2 0-0 6. c4 c5 7. b3 Nc6 8. Bb2 Ng4 9. 0-0 e5 10. d5 Nb4 11. a3 Na6 12. h3 Nf6 13. e4 Nh5 14. Nh2 Nf4 15. Bg4 f5 16. exf5 gxf5 17. Be2 Qg5 18. Ng4 Nxe2+ 19. Qxe2 fxg4 20. Ne4 Qg6 21. hxg4 Bxg4 22. Qd3 Bf3 0-1

[Event "Veneto-ch Quarti di Finale 64th"]
[Site "Arqua Petrarca"]
[Date "2004.05.08"]
[Round "1.32"]
[White "Velluti, Alberto"]
[Black "Tresin, Ardilio"]
[Result "1-0"]
[WhiteElo "1802"]
[BlackElo "1337"]
[PlyCount "63"]
[EventDate "2004.05.08"]
[EventType "swiss"]
[EventRounds "6"]
[EventCountry "ITA"]
[SourceTitle "EXT 2023"]
[Source "ChessBase"]
[SourceDate "2022.10.05"]
[SourceVersion "1"]
[SourceVersionDate "2022.10.05"]
[SourceQuality "1"]

1. e4 c5 2. Nf3 d6 3. d4 cxd4 4. Nxd4 Nf6 5. Nc3 g6 6. f4 e6 7. Bd3 Bg7 8. Be3 0-0 9. 0-0 Bd7 10. Ndb5 Bxb5 11. Bxb5 a6 12. Bd3 Nc6 13. a3 Rc8 14. Qf3 Qd7 15. Rad1 Qc7 16. h3 Na5 17. Na4 Nc6 18. c4 Nd7 19. b4 Bd4 20. Kh1 Bxe3 21. Qxe3 Rfd8 22. f5 Nce5 23. f6 Nxf6 24. Rxf6 Nxd3 25. Qxd3 Qxc4 26. Qf3 Rc7 27. Rf1 e5 28. Nb6 Qa2 29. Nd5 Rcd7 30. Rxf7 Rxf7 31. Qxf7+ Kh8 32. Qf6+ 1-0

[Event "Padova op-B 2nd"]
[Site "Padova"]
[Date "1999.12.19"]
[Round "6.32"]
[White "Lovisetto, Giampaolo"]
[Black "Tresin, Ardilio"]
[Result "1-0"]
[WhiteElo "1500"]
[BlackElo "1380"]
[PlyCount "46"]
[EventDate "1999.12.11"]
[EventType "swiss"]
[EventRounds "6"]
[EventCountry "ITA"]
[SourceTitle "EXT 2024"]
[Source "ChessBase"]
[SourceDate "2023.10.10"]
[SourceVersion "1"]
[SourceVersionDate "2023.10.10"]
[SourceQuality "1"]

1. e4 e5 2. Nf3 Nc6 3. d4 exd4 4. Nxd4 Nxd4 5. Qxd4 d6 6. Bf4 Qf6 7. e5 Qe6 8. Bc4 Qe7 9. 0-0 c5 10. Qxd6 Be6 11. Bb5+ Bd7 12. Bxd7+ Qxd7 13. Qxd7+ Kxd7 14. Nc3 a6 15. Rad1+ Ke6 16. Rfe1 Be7 17. Nd5 Rc8 18. g4 Bh4 19. Ne3 Rd8 20. Rd6+ Rxd6 21. exd6 Kd7 22. Nc4 Bd8 23. Ne5+ Ke8 1-0